Sears and Zemansky's University physics. (7th ed.) (Record no. 57170)

MARC details
000 -LEADER
fixed length control field 00660nam a2200193 a 4500
008 - FIXED-LENGTH DATA ELEMENTS--GENERAL INFORMATION
fixed length control field 120416s1989 ||||||||||||||||| || u
020 ## - INTERNATIONAL STANDARD BOOK NUMBER
International Standard Book Number 0201066815
050 ## - LIBRARY OF CONGRESS CALL NUMBER
Classification number QC 21.2 Sea
100 ## - MAIN ENTRY--PERSONAL NAME
Personal name Sears, Francis W
245 10 - TITLE STATEMENT
Title Sears and Zemansky's University physics. (7th ed.)
250 ## - EDITION STATEMENT
Edition statement 7th ed.
260 ## - PUBLICATION, DISTRIBUTION, ETC.
Place of publication, distribution, etc. Reading, Mass.:
Name of publisher, distributor, etc. Addison-Wesley
Date of publication, distribution, etc. 1989
300 ## - PHYSICAL DESCRIPTION
Extent xxii, 1096p. in various : ill.
350 ## - PRICE (NR) (BK AM CF MU VM SE) [OBSOLETE]
Price 0.00
650 #0 - SUBJECT ADDED ENTRY--TOPICAL TERM
Topical term or geographic name entry element PHYSICS
650 ## - SUBJECT ADDED ENTRY--TOPICAL TERM
Topical term or geographic name entry element PHYSICS--STUDY AND TEACHING
700 ## - ADDED ENTRY--PERSONAL NAME
Personal name Young, Hugh D
995 ## - RECOMMENDATION 995 [LOCAL, UNIMARC FRANCE]
-- 0.00
-- CBU-MAIN LIBRARY (Kitwe)
-- 1
-- 0.00
-- 1
-- AVAILABLE
-- Dec 7, 2007
-- Short Loan Collection
Holdings
Withdrawn status Lost status Source of classification or shelving scheme Damaged status Not for loan Home library Current library Shelving location Date acquired Total Checkouts Full call number Barcode Date last seen Price effective from Koha item type
          CBU-MAIN LIBRARY, KITWE. CBU-MAIN LIBRARY, KITWE.   11/30/2022   QC 21.2 Sea 012202 11/30/2022 11/30/2022 MONOGRAPH